MyGZULibrary

A student's dictionary of language and linguistics / (Record no. 8156)

MARC details
000 -LEADER
fixed length control field 01241cam a2200325 a 4500
001 - CONTROL NUMBER
control field 1662574
003 - CONTROL NUMBER IDENTIFIER
control field GZU
005 - DATE AND TIME OF LATEST TRANSACTION
control field 20210517121404.0
008 - FIXED-LENGTH DATA ELEMENTS--GENERAL INFORMATION
fixed length control field 970701s1997 enka bd 000 0 eng d
010 ## - LIBRARY OF CONGRESS CONTROL NUMBER
LC control number 97174814
020 ## - INTERNATIONAL STANDARD BOOK NUMBER
International Standard Book Number 0340652675 (Hb)
020 ## - INTERNATIONAL STANDARD BOOK NUMBER
International Standard Book Number 0340652667 (Pb)
035 ## - SYSTEM CONTROL NUMBER
System control number (OCoLC)37222910
040 ## - CATALOGING SOURCE
Original cataloging agency TxU
Transcribing agency TxU
Modifying agency DLC
042 ## - AUTHENTICATION CODE
Authentication code lccopycat
050 00 - LIBRARY OF CONGRESS CALL NUMBER
Classification number P29
Item number .TRA 1997
100 1# - MAIN ENTRY--PERSONAL NAME
Personal name Trask, R. L.
Fuller form of name (Robert Lawrence),
Dates associated with a name 1944-2004.
Relator term author
245 12 - TITLE STATEMENT
Title A student's dictionary of language and linguistics /
Statement of responsibility, etc. R.L. Trask.
246 30 - VARYING FORM OF TITLE
Title proper/short title Dictionary of language and linguistics
260 ## - PUBLICATION, DISTRIBUTION, ETC.
Place of publication, distribution, etc. London :
Name of publisher, distributor, etc. Arnold ;
Place of publication, distribution, etc. New York :
Name of publisher, distributor, etc. Distributed by St. Martin's Press,
Date of publication, distribution, etc. 1997.
300 ## - PHYSICAL DESCRIPTION
Extent vi, 247 p. :
Other physical details ill. ;
Dimensions 24 cm.
500 ## - GENERAL NOTE
General note Includes bibliographical references (p. [243]-247).
504 ## - BIBLIOGRAPHY, ETC. NOTE
Bibliography, etc. note Includes bibliographical references (p. [243]-247).
650 #0 - SUBJECT ADDED ENTRY--TOPICAL TERM
Topical term or geographic name entry element Language and languages
Form subdivision Dictionaries.
650 #0 - SUBJECT ADDED ENTRY--TOPICAL TERM
Topical term or geographic name entry element Linguistics
Form subdivision Dictionaries.
856 42 - ELECTRONIC LOCATION AND ACCESS
Materials specified Publisher description
Uniform Resource Identifier <a href="http://www.loc.gov/catdir/enhancements/fy0636/97174814-d.html">http://www.loc.gov/catdir/enhancements/fy0636/97174814-d.html</a>
906 ## - LOCAL DATA ELEMENT F, LDF (RLIN)
a 7
b cbc
c copycat
d 2
e ncip
f 19
g y-gencatlg
942 ## - ADDED ENTRY ELEMENTS (KOHA)
Source of classification or shelving scheme Library of Congress Classification
Koha item type Books
Classification part 29
Item part TRA
Call number prefix P
Holdings
Withdrawn status Lost status Source of classification or shelving scheme Damaged status Not for loan Collection code Home library Current library Shelving location Date acquired Inventory number Total Checkouts Full call number Barcode Date last seen Copy number Price effective from Koha item type
    Library of Congress Classification     Non-fiction Mashava Campus Library Mashava Campus Library General Stacks 05/17/2021 2001/168   P 29 TRA 1997 G21134 05/17/2021 c. 1 05/17/2021 Books
    Library of Congress Classification     Non-fiction Mashava Campus Library Mashava Campus Library Reference 05/26/2021     P 27 TRA 1997 G21120 05/26/2021 c. 2 05/26/2021 Books